[Event "Talca Bobby Fischer CC"]
[Site "Talca"]
[Date "2018.11.26"]
[Round "1.5"]
[White "Tarantola Rojas, Maximiliano"]
[Black "Garcia Garcia, Francisco Javie"]
[Result "1-0"]
[WhiteElo "1302"]
[BlackElo "1184"]
[PlyCount "43"]
[EventDate "2018.11.26"]
[EventType "tourn"]
[EventRounds "9"]
[EventCountry "CHI"]
[SourceTitle "EXT 2024"]
[Source "ChessBase"]
[SourceDate "2023.10.10"]
[SourceVersion "1"]
[SourceVersionDate "2023.10.10"]
[SourceQuality "1"]

1. e4 e5 2. Nf3 Nc6 3. Bc4 Bc5 4. c3 Nf6 5. d3 h6 6. a4 d6 7. h3 Na5 8. Ba2 Bxf2+ 9. Kxf2 c6 10. b4 0-0 11. bxa5 Qxa5 12. Bd2 Qc7 13. Rf1 b6 14. Kg1 Ba6 15. Ne1 Rad8 16. Rxf6 gxf6 17. Bxh6 f5 18. exf5 Kh7 19. Bxf8 Rxf8 20. Qh5+ Kg7 21. Qg5+ Kh7 22. f6 1-0

[Event "Talca Bobby Fischer CC"]
[Site "Talca"]
[Date "2018.??.??"]
[Round "2.2"]
[White "Gonzalez Hernandez, Rodrigo Alons"]
[Black "Tarantola Rojas, Maximiliano"]
[Result "0-1"]
[WhiteElo "1252"]
[BlackElo "1302"]
[PlyCount "77"]
[EventDate "2018.11.26"]
[EventType "tourn"]
[EventRounds "9"]
[EventCountry "CHI"]
[SourceTitle "EXT 2024"]
[Source "ChessBase"]
[SourceDate "2023.10.10"]
[SourceVersion "1"]
[SourceVersionDate "2023.10.10"]
[SourceQuality "1"]

1. d4 Nf6 2. c4 g6 3. Nc3 Bg7 4. e4 d6 5. f3 Nbd7 6. Be3 b6 7. Bd3 e5 8. d5 Qe7 9. Qd2 Bb7 10. Nge2 c6 11. 0-0-0 c5 12. g4 Nb8 13. h4 h5 14. g5 Nfd7 15. f4 exf4 16. Bxf4 Na6 17. a3 Ne5 18. Bxe5 Qxe5 19. Qf4 Bc8 20. Qxe5+ Bxe5 21. Nb5 Bg4 22. a4 0-0 23. Rhf1 Nb4 24. Rf2 Nxd3+ 25. Rxd3 a6 26. Nbc3 Rae8 27. Nf4 Bxc3 28. Rxc3 Rxe4 29. Rb3 Rxc4+ 30. Kb1 Re8 31. Rxb6 Re1+ 32. Ka2 Rxa4+ 33. Kb3 Bd1+ 34. Kc3 Rh1 35. Rxd6 Rxh4 36. Rd8+ Kg7 37. Nd3 Rac4+ 38. Kd2 Rhd4 39. Rd7 0-1

[Event "Talca Bobby Fischer CC"]
[Site "Talca"]
[Date "2018.??.??"]
[Round "3.3"]
[White "Jorquera Alfaro, Mauricio"]
[Black "Tarantola Rojas, Maximiliano"]
[Result "1-0"]
[WhiteElo "2041"]
[BlackElo "1302"]
[PlyCount "63"]
[EventDate "2018.11.26"]
[EventType "tourn"]
[EventRounds "9"]
[EventCountry "CHI"]
[SourceTitle "EXT 2024"]
[Source "ChessBase"]
[SourceDate "2023.10.10"]
[SourceVersion "1"]
[SourceVersionDate "2023.10.10"]
[SourceQuality "1"]

1. Nf3 Nf6 2. b3 Nc6 3. Bb2 d5 4. d3 e6 5. Nbd2 Bc5 6. g3 0-0 7. Bg2 b6 8. 0-0 Bb7 9. c4 Re8 10. a3 d4 11. b4 Be7 12. b5 Na5 13. Nxd4 Bxg2 14. Kxg2 Bc5 15. N2b3 Nxb3 16. Nxb3 Bf8 17. Qc2 a5 18. Nd4 g6 19. Nc6 Qd6 20. Bxf6 e5 21. Bg5 h6 22. Be3 Bg7 23. Kg1 e4 24. d4 h5 25. c5 bxc5 26. dxc5 Qf6 27. Bd4 Qg5 28. Bxg7 Kxg7 29. Qc3+ Kg8 30. Qe3 Qg4 31. b6 Re6 32. b7 1-0